000 00316nam a22001337a 4500
008 170605b xxu||||| |||| 00| 0 eng d
020 _a9781935264149
041 _aeng
080 _a94)4)
100 _a18
101 _aSHH
245 _aNORDIC CENTRAL AND SOUTHEASTERN EUROPE
_cTHAMPSON.W.C
942 _2udc
_cBK
999 _c15920
_d15920